UBT Library

Brewer's twentieth-century music / (Record no. 45074)

000 -LEADER
fixed length control field 00711cam a2200265 a 4500
001 - CONTROL NUMBER
control field 1151378
005 - DATE AND TIME OF LATEST TRANSACTION
control field 20180315044712.0
008 - FIXED-LENGTH DATA ELEMENTS--GENERAL INFORMATION
fixed length control field 941024s1994 enk d 000 0 eng d
010 ## - LIBRARY OF CONGRESS CONTROL NUMBER
LC control number 95155025
015 ## - NATIONAL BIBLIOGRAPHY NUMBER
National bibliography number GB94-84755
020 ## - INTERNATIONAL STANDARD BOOK NUMBER
International Standard Book Number 0304320498 :
Terms of availability £16.99 : Formerly CIP
035 ## - SYSTEM CONTROL NUMBER
System control number (OCoLC)31486348
040 ## - CATALOGING SOURCE
Original cataloging agency Uk
Transcribing agency Uk
Modifying agency OCoLC
-- DLC
041 ## - LANGUAGE CODE
Language code of text/sound track or separate title eng
042 ## - AUTHENTICATION CODE
Authentication code lccopycat
080 ## - UNIVERSAL DECIMAL CLASSIFICATION NUMBER
Universal Decimal Classification number 780.904 PIC
082 00 - DEWEY DECIMAL CLASSIFICATION NUMBER
Classification number 780.904 PIC
Edition number 20
100 1# - Rafti
Rafti 45
101 ## - Shkurtesa
Shkurtesa MUZ
245 10 - TITLE STATEMENT
Title Brewer's twentieth-century music /
Statement of responsibility, etc David Pickering.
906 ## - LOCAL DATA ELEMENT F, LDF (RLIN)
a 7
b cbc
c copycat
d 2
e ncip
f 19
g y-gencatlg
942 ## - ADDED ENTRY ELEMENTS (KOHA)
Source of classification or shelving scheme
Item type Books
Holdings
Withdrawn status Lost status Source of classification or shelving scheme Damaged status Not for loan Collection code Permanent location Current location Shelving location Date acquired Total Checkouts Full call number Barcode Date last seen Price effective from Koha item type
          Koleksioni i përgjithshem UBT - Lipjan UBT - Lipjan Koleksioni i përgjithshem 03/15/2018   780.904 PIC 002-3001858 03/15/2018 03/15/2018 Books
UBT Library © 2015-2024. All rights reserved University Education for Business and Technology